Estatísticas para Capitais que Começam com B

Clique aqui para jogar o quiz

Estatísticas Gerais

  • Esse quiz foi jogado 38 vezes
  • A pontuação média é 10 de 24

Estatísticas das Respostas

Resposta% Correto
Brasília
92%
Bruxelas
92%
Buenos Aires
67%
Berlim
63%
Bogotá
63%
Bangkok
58%
Bucareste
54%
Belgrado
50%
Budapeste
50%
Bratislava
46%
Berna
33%
Bagdá
29%
Belmopán
29%
Bissau
29%
Bridgetown
29%
Bamaco
25%
Bangui
25%
Beirute
25%
Brazavile
25%
Bacu
21%
Bandar Seri Begawan
21%
Banjul
21%
Basseterre
21%
Bisqueque
13%

Distribuição das Pontuações

Percentil de Números Respondidos

Porcentagem de Pessoas com Cada Pontuação

Sua Pontuação Histórica

Você não jogou esse quiz